Delhi: (Record no. 183856)

MARC details
000 -LEADER
fixed length control field 00698nam a22001937a 4500
005 - DATE AND TIME OF LATEST TRANSACTION
control field 20220113114241.0
010 ## - LCCN (DPL NO)
LC control number ENG-130976
020 ## - INTERNATIONAL STANDARD BOOK NUMBER
International Standard Book Number 978-93-89-64-82-63
Terms of availability 799.00
035 ## - SYSTEM CONTROL NUMBER
System control number EN-114508
037 ## - SOURCE OF ACQUISITION
Source of stock number/acquisition DBAD
082 ## - DEWEY DECIMAL CLASSIFICATION NUMBER
Classification number 954.16
100 ## - MAIN ENTRY--PERSONAL NAME
Personal name Mukundan, M.
245 ## - TITLE STATEMENT
Title Delhi:
Remainder of title A Soliloquy/
Statement of responsibility, etc M. Mukundan Translated by Fathima E.V. & Nandakumar K.
260 ## - PUBLICATION, DISTRIBUTION, ETC. (IMPRINT)
Place of publication, distribution, etc Chennai
Name of publisher, distributor, etc Westland Publications Private LImited
Date of publication, distribution, etc 2020
270 ## - ADDRESS
City Chennai
Postal code 600096
Address 1st Floor, A Block, East Wing, Plot No. 40, SP infocity, Dr. MGR Salai, Perungundi, Kandanchavadi
300 ## - PHYSICAL DESCRIPTION
Extent 538p.
Dimensions 21cm(pbk)
700 ## - ADDED ENTRY--PERSONAL NAME
Personal name Translated by E.V. Fathima & K. Nandakumar
942 ## - ADDED ENTRY ELEMENTS (KOHA)
Source of classification or shelving scheme Dewey Decimal Classification
Item type English Books
Classification part 954.16
Call number suffix MUK
Holdings
Withdrawn status Lost status Not for loan Collection code Home library Current library Date acquired Source of acquisition Cost, normal purchase price Full call number Barcode Copy number Cost, replacement price Koha item type
      Non-fiction Mobile Library Mobile Library 06/01/2022 DBAD/PUB 799.00 954.16 MUK EN-114508 1 799.00 English Books

© Delhi Public Library
Hit Counter
free hit counter